000 01035nam a2200301 a 4500
001 BRCA_8620
005 20190320210340.0
008 210916s1768----fr-#######---#000-0#fre-#
041 _afre
044 _afr
050 4 _aAY30
_b.A16
_c1768
245 1 0 _aAlmanach royal année bissextile M. D.CC. LXVIII
_bpresente a S.A. majesté por la premiere fois en 1699.
260 _aParís
_bChez le breton
_c1768
300 _a542 p.
_c29 cm
500 _aFondo antiguo
500 _aSe encuentra en Caja Fuerte
500 _aCOE-109
500 _aGrabado en portada
500 _aContiene tablas
500 _aIncluye tabla de materias
500 _aCon Ex-libris de: Franz Mayer
500 _aNota de encuadernación: piel sobre cartón, ordamentos del escudo y cantos dorados
500 _aEn portada: Avec approbation et privilegio du roi
506 0 _aFondo reservado: para su consulta es necesario credencial de usuario y carta de motivos
650 1 4 _aAlmanaques
_eFrancés
_916369
902 _aLAR
942 _2lcc
_cB
999 _c8281
_d8281